Сметы на ремонт и расширение однокомплектных школ в двухкомплектные, планы существующих зданий и проекты пристроек (калька), све...

Доступно только в Электронных читальных залах Найти на картеНа карте
RUSMARC
00003871nmc2a22002413x 450
001e68983ed-1ba5-4460-9d9e-133568425e33
00520240216040625.0
100##$a20230301l19161916k l0rusy0189 ca
1010#$arus
102##$aRU
105##$ae###
1222#$ad
2001#$aСметы на ремонт и расширение однокомплектных школ в двухкомплектные, планы существующих зданий и проекты пристроек (калька), сведения об испрашиваемых ссудах на расширение и ремонт зданий
$j1916 г.
215##$a39 л.
$cплан.
$d36,5х26 см
251##$cДело
300##$aМалоархангельский уезд, Орловская губерния
371##$aДокумент не является опубликованным и широко распространяемым
461#0$1001a74412a3-3cc5-4d21-8f0a-dfe2fbd9e72d
$12001
$aДепартамент народного просвещения Министерства народного просвещения (1803-1917)
$1251
$cФонд
$1852
$j733
462#0$1001eefd6294-0537-45df-8819-30374025727c
$12001
$aПроекты школьных зданий и сметы на их постройку (в связи с подготовкой введения всеобщего обучения)
$1251
$cОпись
$1852
$j233
801#0$aRU
$bРГИА
$c20230301
$gRCR
801#1$aRU
$bГлавНИВЦ
$c20230301
$2rusmarc
801#2$aRU
$bПБ им. Б.Н. Ельцина
$c20240216
$gRCR
$2rusmarc
850##$aРГИА
852##$aРГИА
$eФедеральное казенное учреждение "Российский государственный исторический архив" (РГИА)
$j302
937##$hРГИА
$d12397157
$aASBIBLIO_SCAN
035##$aRusGRCC00067313
856##$uhttp://readingroom.main.prlib.ru/item.aspx?id_node=n191009483&mode=full
Формат отображения